5HLuxD.jpg

KING HENRY VIII SENIOR AND PRIMARY SCHOOL LIBRARY OPAC

The housemaid's secret / (Record no. 5389)

000 -LEADER
fixed length control field 01677cam a2200289 ab4500
001 - CONTROL NUMBER
control field 432305
003 - CONTROL NUMBER IDENTIFIER
control field OSt
005 - DATE AND TIME OF LATEST TRANSACTION
control field 20250910083323.0
008 - FIXED-LENGTH DATA ELEMENTS--GENERAL INFORMATION
fixed length control field 240630s2023 enk e 000 1 eng d
020 ## - INTERNATIONAL STANDARD BOOK NUMBER
International Standard Book Number 9780349132600
Qualifying information (pbk.)
040 ## - CATALOGING SOURCE
Original cataloging agency TT
Language of cataloging eng
Modifying agency TTCT
Description conventions AACR2
Transcribing agency KH8
042 ## - AUTHENTICATION CODE
Authentication code nbic
082 ## - DEWEY DECIMAL CLASSIFICATION NUMBER
Classification number FIC MCF
100 1# - MAIN ENTRY--PERSONAL NAME
Personal name McFadden, Freida,
Relator term author.
245 14 - TITLE STATEMENT
Title The housemaid's secret /
Statement of responsibility, etc. Freida McFadden.
260 ## - PUBLICATION, DISTRIBUTION, ETC.
Place of publication, distribution, etc. London :
Name of publisher, distributor, etc. Bookouture,
Date of publication, distribution, etc. c2023.
300 ## - PHYSICAL DESCRIPTION
Extent 346 p. ;
Dimensions 20 cm.
490 1# - SERIES STATEMENT
Series statement Housemaid ;
Volume/sequential designation [2]
520 ## - SUMMARY, ETC.
Summary, etc. "It's hard to find an employer who doesn't ask too many questions about my past. So I thank my lucky stars that the Garricks miraculously give me a job, cleaning their stunning penthouse with views across the city and preparing fancy meals in their shiny kitchen. I can work here for a while, stay quiet until I get what I want. It's almost perfect. But I still haven't met Mrs Garrick, or seen inside the guest bedroom. I'm sure I hear her crying. I notice spots of blood around the neck of her white nightgowns when I'm doing laundry. And one day I can't help but knock on the door. When it gently swings open, what I see inside changes everything ... That's when I make a promise. After all, I've done this before. I can protect Mrs Garrick while keeping my own secrets locked up safe. Douglas Garrick has done wrong. He is going to pay. It's simply a question of how far I'm willing to go ..."--
Assigning source Provided by publisher.
650 #0 - SUBJECT ADDED ENTRY--TOPICAL TERM
Topical term or geographic name entry element Household employees
Form subdivision Fiction.
650 #0 - SUBJECT ADDED ENTRY--TOPICAL TERM
Topical term or geographic name entry element Secrecy
Form subdivision Fiction.
650 #0 - SUBJECT ADDED ENTRY--TOPICAL TERM
Topical term or geographic name entry element Families
Form subdivision Fiction.
653 ## - INDEX TERM--UNCONTROLLED
Uncontrolled term 青少年
653 ## - INDEX TERM--UNCONTROLLED
Uncontrolled term 英語學習
830 #0 - SERIES ADDED ENTRY--UNIFORM TITLE
Uniform title Housemaid ;
Volume/sequential designation [2]
942 ## - ADDED ENTRY ELEMENTS (KOHA)
Source of classification or shelving scheme
Koha item type Books - Fiction
Holdings
Withdrawn status Lost status Source of classification or shelving scheme Damaged status Not for loan Collection code Permanent Location Current Location Shelving location Date acquired Total Checkouts Full call number Barcode Date last seen Date last checked out Price effective from Koha item type
          Fiction KH8 Senior School Library KH8 Senior School Library Fiction 2025-09-10 1 FIC MCF 3KHSL000102412 2026-01-26 2025-11-25 2025-09-10 Books - Fiction

Powered By KH8 IT Dept